01317nam a2200301Ia 4500001001200000003000800012006001900020007001500039008004100054010001700095020004700112040002100159035002100180050002300201245015700224260005500381300001800436490008300454504005100537533015200588630005200740650001400792655002900806700002000835710001700855856012600872999001700998ebr10354018CaPaEBRm u cr cn|||||||||090630s2009 gau sb 001 0 eng d z 2009027098 z9781589833562 (paper binding : alk. paper) aCaPaEBRcCaPaEBR a(OCoLC)58739186914aBS186b.T73 2009eb00aTranslation that openeth the windowh[electronic resource] :breflections on the history and legacy of the King James Bible /cedited by David G. Burke. aAtlanta :bSociety of Biblical Literature,cc2009. axxiii, 274 p.0 aSociety of biblical literature biblical scholarship in North America ;vno. 23 aIncludes bibliographical references and index. aElectronic reproduction.bPalo Alto, Calif. :cebrary,d2010.nAvailable via World Wide Web.nAccess may be limited to ebrary affiliated libraries.00aBible.lEnglishxVersionsxAuthorizedxHistory. 0aTheology. 7aElectronic books.2local1 aBurke, David G.2 aebrary, Inc.40uhttp://site.ebrary.com/lib/rucke/Doc?id=10354018zAn electronic book accessible through the World Wide Web; click to view c44383d44383